| 000 | 02644nam0a2200469 4500 | ||
|---|---|---|---|
| 001 | RU\NLR\BIBL_A\010750444 | ||
| 005 | 20251211165206.0 | ||
| 010 |
_a978-5-4446-0566-0 _9100 |
||
| 021 |
_aRU _b2015-22664 _91349 |
||
| 035 | _a(NLR Aleph) 010750444 | ||
| 035 | _a(NILC)RuMoRGB-007897084 | ||
| 090 |
_a9938745 _c9938745 |
||
| 100 | _a20150512d2014 u y0rusy50 ca | ||
| 101 | 0 |
_arus _avie |
|
| 102 | _aRU | ||
| 105 | _ay|||e|||001yy | ||
| 200 | 1 |
_aУчебный тематический словарь русских и вьетнамских компаративных фразеологизмов _e(с лингвокультурологическими комментариями) _fЕ.А. Пляскова, Донг Тхи Тхань Там _gнауч. ред.: д.филол.н., проф. З.Д. Попова _gМинобрнауки России, Федер. гос. бюджет. образоват. учреждение высш. проф. образования "Воронеж. гос. ун-т" , ФГБОУ ВПО "ВГУ", Филол. фак. |
|
| 210 |
_aВоронеж _cНаучная книга _d2014 |
||
| 215 |
_a147 с. _d21 |
||
| 320 | _aБиблиогр.: с. 139-147 (119 назв.) | ||
| 320 | _aУказ. рус. компарат. фразеологизмов: с. 130-132 | ||
| 320 | _aУказ. вьет. компарат. фразеологизмов: с. 133-138 | ||
| 606 | 1 |
_aРусский язык _xФразеологические словари _xВьетнамский язык _92237532 _3RU\NLR\AUTH\6601574510 |
|
| 606 | 1 |
_aВьетнамский язык _xФразеологические словари _xРусский язык _92237534 _3RU\NLR\AUTH\6601574511 |
|
| 606 | 1 |
_aВьетнамский язык _xТематические словари _xРусский язык _92111121 _3RU\NLR\AUTH\661579341 |
|
| 606 | 1 |
_aРусский язык _xТематические словари _xВьетнамский язык _92497441 _3RU\NLR\AUTH\661481454 |
|
| 686 | 1 | _aШ141.12-491тем | |
| 686 | 1 | _aШ172.81-491фраз | |
| 686 | 1 | _aШ141.12-491фраз | |
| 686 | 1 | _aШ172.81-491тем | |
| 700 | 1 |
_aПляскова _bЕ. А. _f1973- _gЕлена Аркадьевна |
|
| 701 | 0 |
_aДонг Тхи Тхань Там _9145952 _3RU\NLR\AUTH\770145988 |
|
| 801 | 0 |
_aRU _bРГБ _c20150325 _gRCR |
|
| 801 | 1 |
_aRU _bРГБ _c20150325 _2rusmarc |
|
| 852 |
_aNLR _bОЛСАА-вьет _j2-8394 |
||
| 942 | _cBOOK | ||
| 980 | 1 | _aVET | |
| 980 | _aNBR | ||
| 980 | _aNB | ||